Proceedings of the high level conference and the third workshop of the APEC-OECD co-operative initiative on regulatory reform Jeju, Korea
Na minha lista:
| Formato: | Livro |
|---|---|
| Idioma: | inglês |
| Publicado em: |
Paris
OECD
[2002]
|
| Assuntos: | |
| Tags: |
Sem tags, seja o primeiro a adicionar uma tag!
|
MARC
| LEADER | 00000nam a2200000 4500 | ||
|---|---|---|---|
| 001 | c143240 | ||
| 005 | 20221124092725.1 | ||
| 041 | 0 | |a eng | |
| 044 | |a FR | ||
| 245 | 1 | 0 | |a Proceedings of the high level conference and the third workshop of the APEC-OECD co-operative initiative on regulatory reform |b Jeju, Korea |
| 264 | 1 | |a Paris |b OECD |c [2002] | |
| 300 | |a 181 s. | ||
| 610 | 2 | 0 | |a regulácia hospodárska |
| 610 | 2 | 0 | |a reformy |
| 610 | 2 | 0 | |a regulácia |
| 610 | 2 | 0 | |a OECD |
| 610 | 2 | 0 | |a APEC |
| 610 | 2 | 0 | |a Ázia |
| 610 | 2 | 0 | |a Tichomorie |
| 610 | 2 | 0 | |a reštrukturalizácia |
| 610 | 2 | 0 | |a reformy štruktúrne |
| 610 | 2 | 0 | |a energetika |
| 610 | 2 | 0 | |a sektory hospodárske |
| 610 | 2 | 0 | |a porovnanie medzinárodné |
| 610 | 2 | 0 | |a Thajsko |
| 610 | 2 | 0 | |a Čína |
| 610 | 2 | 0 | |a Francúzsko |
| 610 | 2 | 0 | |a Austrália |
| 610 | 2 | 0 | |a Kórea |
| 610 | 2 | 0 | |a Európska únia |
| 610 | 2 | 0 | |a telekomunikácie |